000 00978nmm a2200277 a 4500
001 ocm000659924
003 TR-IsHL
005 20201028141225.0
008 131226s2000 tu tur
007 cr cn
020 _a9789757270089
035 _a659924
_b(N$T)
050 0 4 _aBF431.3
_b.S28 2000
090 0 4 _aBF431.3
_b.S28 2000
100 1 _aSavant, Marilyn vos
245 1 0 _aBeyin geliştirme
_h[electronic resource] /
_cMarilyn vos Savant ; Leonore Fleischer ; çeviren Cem Şen
260 _aİstanbul :
_bİm Yayın Tasarım,
_c2000
300 _a428 p.
650 4 _aFelsefe, Psikoloji ve Din
650 4 _aPhilosophy, Psychology and Religion
650 0 _aZeka
_x Problemler, alıştırmalar, v.b.
650 0 _aIntellect
_x Problems, exercises, etc.
650 7 _aSELF-HELP / Personal Growth / General
_2bisacsh
700 1 _aFleischer, Leonore
856 4 0 _uhttp://search.ebscohost.com/login.aspx?direct=true&scope=site&db=e011xww&AN=659924
999 _c7704
_d7704